[Event "AUTO-OPEN-4638"]
[Site "http://www.queenalice.com/game.php?id=1869102"]
[Date "2026.2.10"]
[Round "1"]
[White "miguel7"]
[Black "chessman"]
[Result "0-1"]
[WhiteElo "1855"]
[BlackElo "2006"]

1. e4 e6 2. a3 d5 3. e5 c5 4. d3 Nc6 5. Nf3 Qc7 6. Bf4 Nge7 7. b4 Ng6 8. Bg3
cxb4 9. c3 bxc3 10. Nxc3 Qa5 11. Qc1 d4 12. Nxd4 Nxd4 13. Rb1 Qxa3 14. Qxa3 Nc2+
15. Kd2 Nxa3 16. Ra1 Bb4 17. Be2 Nb5 18. Rac1 Bxc3+ 19. Kd1 Bxe5 20. Bh5 Bf6 21.
Bxg6 hxg6 22. Re1 Bd7 23. h3 Nd4 24. Bd6 Ba4+ 0-1

[Event "AUTO-ADV-4918"]
[Site "http://www.queenalice.com/game.php?id=1869151"]
[Date "2026.2.12"]
[Round "1"]
[White "maurice916"]
[Black "miguel7"]
[Result "1-0"]
[WhiteElo "1836"]
[BlackElo "1886"]

1. Nf3 Nc6 2. b3 e5 3. e4 d6 4. Bb2 Bd7 5. d4 Bg4 6. dxe5 Nxe5 7. Be2 Bxf3 8.
Bxf3 Qg5 9. Nd2 Nxf3+ 10. gxf3 Qg2 11. Rf1 Qxh2 12. Qe2 O-O-O 13. O-O-O Qh5 14.
Rg1 Qa5 15. a4 Nf6 16. Nc4 Qa6 17. e5 Nd7 18. exd6 cxd6 19. Bxg7 Rg8 20. Bxf8
Rxg1 21. Rxg1 Rxf8 22. Rd1 d5 23. Rxd5 Rg8 24. Nd6+ Kc7 25. Nb5+ Kd8 26. Qc4 Qb6
27. Qd3 Qh6+ 28. Kb2 Qf6+ 29. Ka2 h5 30. Nd6 Rg1 31. c3 Rg2 32. Nxb7+ Ke8 33.
Qe3+ Kf8 34. Rxd7 h4 35. Rd6 Qe7 36. Qh6+ Rg7 37. Qh8+ Rg8 38. Qh6+ Rg7 39. Rd8+
1-0

[Event "AUTO-ADV-4918"]
[Site "http://www.queenalice.com/game.php?id=1869152"]
[Date "2026.2.12"]
[Round "1"]
[White "miguel7"]
[Black "maurice916"]
[Result "1-0"]
[WhiteElo "1859"]
[BlackElo "1865"]

1. e4 c6 2. Nf3 g6 3. d4 Bg7 4. Bc4 d5 5. exd5 cxd5 6. Bb5+ Bd7 7. Bxd7+ Nxd7 8.
Nc3 e6 9. Ng5 Ngf6 10. Nxf7 Kxf7 11. Qf3 Rf8 12. Bg5 Kg8 13. O-O-O Rc8 14. h4 h6
15. Bf4 Re8 16. g4 Nb6 17. g5 hxg5 18. Bxg5 Rf8 19. Bxf6 Bxf6 20. Qg4 Kf7 21. h5
Bg5+ 22. Kb1 Qf6 23. a3 Rh8 24. Nb5 Ke7 25. Rdf1 gxh5 26. Rxh5 Rxh5 27. Qxh5 Rh8
28. Qg4 Rh4 29. Qe2 Re4 30. Qd3 Be3 31. Rh1 Qxf2 32. Rh7+ Kf6 33. Nd6 Rxd4 34.
Qg6+ Ke5 35. Nf7+ Kf4 36. Qf6+ Ke4 37. Nd6# 1-0

[Event "AUTO-ADV-4918"]
[Site "http://www.queenalice.com/game.php?id=1869167"]
[Date "2026.2.12"]
[Round "1"]
[White "miguel7"]
[Black "game"]
[Result "1-0"]
[WhiteElo "1863"]
[BlackElo "1632"]

1. e4 c5 2. Bc4 d6 3. Nf3 Bg4 4. h3 Be6 5. Bxe6 fxe6 6. e5 d5 7. Ng5 Qb6 8. Qf3
Nh6 9. d3 Nd7 10. Be3 Qxb2 11. O-O Qxa1 12. Bf4 Qxa2 13. Nxe6 Rc8 14. Nc3 Qxc2
15. Nxd5 Nf5 16. Ng5 Nd4 17. Qe3 Ne2+ 18. Kh2 c4 19. dxc4 Qxc4 20. Qf3 Nd4 21.
Qe4 Qxf1 22. Qxd4 Rc2 23. Kg3 Nc5 24. Be3 Kd8 25. Nf7+ Kd7 26. Nb4+ Ke8 27. Nxc2
Nb3 28. Qa4+ Kxf7 29. Qxb3+ e6 30. Qxb7+ Be7 31. Bc5 Rd8 32. Qxe7+ Kg6 33. Qxe6+
Kh5 34. Qg4+ Kh6 35. Be3+ g5 36. Qxg5# 1-0

[Event "AUTO-ADV-4918"]
[Site "http://www.queenalice.com/game.php?id=1869169"]
[Date "2026.2.12"]
[Round "1"]
[White "miguel7"]
[Black "oniwa"]
[Result "0-1"]
[WhiteElo "1859"]
[BlackElo "1806"]

1. e4 e5 2. Bc4 Nf6 3. Qf3 Bc5 4. Nc3 Nc6 5. Nd5 Nd4 6. Nxf6+ gxf6 7. Qh5 Qe7 8.
Bd3 d6 9. Nf3 Ne6 10. Bb5+ Bd7 11. a4 Nf4 12. Qh4 Nxg2+ 13. Ke2 Nxh4 14. Nxh4 c6
15. Bc4 Bg4+ 16. f3 Bh5 17. Nf5 Qf8 18. d3 Qg8 19. Ng3 Qg6 20. Be3 Bxe3 21. Kxe3
Qg5+ 22. Ke2 Rg8 23. Rag1 Ke7 24. Nf5+ Kd7 25. Rxg5 Rxg5 26. Ke3 Rg2 27. Bb3
Rag8 28. Ng3 Bg6 29. Nf1 h5 30. h4 a5 31. Nd2 b5 32. Nf1 bxa4 33. Bxa4 f5 34. f4
exf4+ 35. Kxf4 Rg4+ 36. Ke3 fxe4 37. d4 Rb8 38. b3 f5 39. c4 f4+ 40. Kf2 e3+ 41.
Kf3 Bd3 42. Nh2 Rxh4 43. d5 Kc7 44. dxc6 Re8 45. Kg2 Be4+ 0-1

[Event "AUTO-ADV-4918"]
[Site "http://www.queenalice.com/game.php?id=1869170"]
[Date "2026.2.12"]
[Round "1"]
[White "oniwa"]
[Black "miguel7"]
[Result "0-1"]
[WhiteElo "1822"]
[BlackElo "1840"]

1. d4 e5 2. dxe5 Nc6 3. Nf3 Qe7 4. Bf4 Qb4+ 5. Bd2 Qxb2 6. Nc3 Bb4 7. Nd5 Bxd2+
8. Nxd2 Kd8 9. Nc4 Qb5 10. Nde3 Nxe5 11. Nxe5 Qxe5 12. Nc4 Qc3+ 13. Nd2 d5 14.
e3 Nf6 15. Bb5 Bg4 16. f3 Qxe3+ 17. Be2 Bf5 18. Rb1 Re8 19. Rb3 Qe6 20. Kf2 Bxc2
21. Qxc2 Qxe2+ 22. Kg3 Nh5+ 23. Kh3 Nf4+ 24. Kh4 Qxg2 25. Qf5 Ng6+ 26. Kh5 Re5
0-1

[Event "AUTO-ADV-4881"]
[Site "http://www.queenalice.com/game.php?id=1869890"]
[Date "2026.2.26"]
[Round "2"]
[White "miguel7"]
[Black "Capixaba789"]
[Result "0-1"]
[WhiteElo "1877"]
[BlackElo "1818"]

1. e4 e5 2. Bc4 Nc6 3. f4 d6 4. h3 exf4 5. Nf3 Nf6 6. Qe2 Be7 7. d4 O-O 8. Bxf4
Bd7 9. Nc3 a6 10. O-O-O b5 11. Bb3 b4 12. Nd5 a5 13. Ba4 Nxd5 14. exd5 Nb8 15.
Bc6 Nxc6 16. dxc6 Bxc6 17. g4 Re8 18. Qg2 Rb8 19. h4 a4 20. g5 Ba8 21. g6 fxg6
22. h5 gxh5 23. Rxh5 Be4 24. Rdh1 c6 25. Qg4 Bg6 26. R5h3 Bf6 27. Bg5 Bxg5+ 28.
Nxg5 c5 29. Nxh7 Be4 30. Nf6+ Qxf6 31. Rh8+ Kf7 32. Qh5+ Ke7 33. Rxe8+ Rxe8 34.
Re1 d5 35. dxc5 Kd7 36. Qe2 a3 37. b3 Qa1+ 38. Kd2 Qxa2 39. Qb5+ Kd8 40. Qb8+
Kd7 41. Qd6+ Kc8 42. Rc1 Qb2 43. Qc6+ Kd8 44. Qa8+ Ke7 45. c6 Qc3+ 46. Kd1 Rxa8
0-1

[Event "AUTO-ADV-4881"]
[Site "http://www.queenalice.com/game.php?id=1869891"]
[Date "2026.2.26"]
[Round "2"]
[White "Capixaba789"]
[Black "miguel7"]
[Result "1/2-1/2"]
[WhiteElo "1779"]
[BlackElo "1881"]

1. d4 e5 2. dxe5 Nc6 3. f4 Bc5 4. Nf3 d6 5. exd6 Bxd6 6. Nc3 Bg4 7. Be3 Bxf3 8.
exf3 Bb4 9. Bd3 Qh4+ 10. Kf1 Bxc3 11. bxc3 O-O-O 12. a4 Nge7 13. Qe2 Qf6 14. Ra3
Rhe8 15. h4 Nd5 16. Be4 Nxc3 17. Qf2 Nxe4 18. fxe4 Rxe4 19. g3 b6 20. Kg2 Nd4
21. c3 Nf5 22. Re1 Qg6 23. Kh3 Nxe3 24. Rxe3 f5 25. Rxe4 fxe4 26. a5 Kb7 27. a6+
Kb8 28. Qb2 Rd3 29. Qg2 c6 30. Ra1 Rxc3 31. Rd1 Kc7 32. Rd4 Rd3 33. Rxe4 h5 34.
Re7+ Rd7 35. Rxd7+ Kxd7 36. Qd2+ Qd6 37. Qb2 Qe6+ 38. Kg2 g5 39. Qg7+ Qe7 40.
Qxg5 Qxg5 41. hxg5 Ke7 42. g6 b5 43. Kf2 Kf6 44. f5 b4 45. Ke2 b3 46. Kd2 c5 47.
Kc3 c4 48. Kb2 Kg7 49. Kc3 Kf6 50. Kb2 Kg7 1/2-1/2

[Event "AUTO-ADV-4868"]
[Site "http://www.queenalice.com/game.php?id=1870537"]
[Date "2026.3.13"]
[Round "2"]
[White "EdsonEstevam"]
[Black "miguel7"]
[Result "1-0"]
[WhiteElo "1787"]
[BlackElo "1841"]

1. e4 e5 2. Nf3 Bc5 3. Nxe5 Qh4 4. Qf3 f6 5. g3 Bxf2+ 6. Kxf2 Qg5 7. Ng4 Qc5+ 8.
d4 Qxd4+ 9. Ne3 d6 10. c3 Qc5 11. b4 Qe5 12. Nc4 Qe7 13. Nbd2 Be6 14. Na5 b6 15.
Bb5+ Kf7 16. Bc6 Nxc6 17. Nxc6 Qd7 18. b5 Bg4 19. Qe3 Ne7 20. Nxe7 Kxe7 21. h3
Bxh3 22. Ba3 Rae8 23. c4 Kf7 24. Qf4 Rhf8 25. Qh4 Bg4 26. Raf1 h5 27. Kg1 c5 28.
Bb2 g5 29. Rxf6+ Ke7 30. Qxg5 Rf7 31. Rh6+ 1-0

[Event "AUTO-ADV-4868"]
[Site "http://www.queenalice.com/game.php?id=1870538"]
[Date "2026.3.13"]
[Round "2"]
[White "miguel7"]
[Black "EdsonEstevam"]
[Result "1-0"]
[WhiteElo "1868"]
[BlackElo "1709"]

1. e4 e5 2. Nf3 Nc6 3. Bb5 Nge7 4. Nc3 a6 5. Bc4 h6 6. a3 d6 7. d3 Bg4 8. h3
Bxf3 9. Qxf3 Nd4 10. Qxf7+ Kd7 11. O-O Nxc2 12. Ra2 Nd4 13. Nd5 Nc6 14. Nf4 exf4
15. Be6# 1-0

[Event "AUTO-ADV-4868"]
[Site "http://www.queenalice.com/game.php?id=1870541"]
[Date "2026.3.13"]
[Round "2"]
[White "fbenevides2019"]
[Black "miguel7"]
[Result "1/2-1/2"]
[WhiteElo "1792"]
[BlackElo "1826"]

1. d4 e5 2. dxe5 Nc6 3. Nf3 Qe7 4. Bf4 Qb4+ 5. Bd2 Qxb2 6. Nc3 Qa3 7. Nb5 Qc5 8.
Nxc7+ Kd8 9. Nxa8 Nxe5 10. Nxe5 Qxe5 11. c3 Nf6 12. f3 Bc5 13. Qb3 d5 14. e3 Re8
15. Qd1 Bxe3 16. Be2 Nh5 17. Bxe3 Qxe3 18. Qxd5+ Bd7 19. Qd2 Nf4 20. Qxe3 Rxe3
21. Rc1 Rxe2+ 22. Kf1 Rxg2 23. Rd1 Rxa2 24. h4 h5 25. Rg1 g6 26. Rg5 Ra3 27. Rc5
Ne6 28. Rc4 Ra2 29. Ke1 Rh2 30. Rd2 b5 31. Rxh2 bxc4 32. Ra2 Bc6 33. Rxa7 Bxf3
34. Nb6 Nf4 35. Nxc4 Ng2+ 36. Kf2 Nxh4 37. Kg3 Bd5 38. Kxh4 Bxc4 39. Kg5 Ke8 40.
Rc7 Be6 41. Rb7 Kd8 42. Ra7 Kc8 43. Re7 Kd8 44. Ra7 Bd7 45. c4 Ke7 46. c5 Ke6
47. Ra1 Bc6 48. Rd1 Bd5 49. Re1+ Kd7 50. Rc1 Be4 51. Rf1 Bf5 52. Rd1+ Kc6 53.
Rc1 Be6 54. Rc3 Bf5 55. Rc4 Be6 56. Rc3 Bd5 1/2-1/2

[Event "AUTO-ADV-4868"]
[Site "http://www.queenalice.com/game.php?id=1870542"]
[Date "2026.3.13"]
[Round "2"]
[White "miguel7"]
[Black "fbenevides2019"]
[Result "1-0"]
[WhiteElo "1810"]
[BlackElo "1808"]

1. e4 e5 2. Nf3 d6 3. Bc4 h6 4. h3 Nf6 5. Nc3 a6 6. a4 c5 7. d3 Nc6 8. Nd5 Nxd5
9. Bxd5 Qd7 10. Nh4 Nd4 11. c3 Nc6 12. Bxc6 Qxc6 13. c4 Be7 14. Nf5 Bxf5 15.
exf5 Qxg2 16. Rf1 Qxh3 17. Qb3 Rb8 18. Qb6 O-O 19. Be3 Qxf5 20. O-O-O Rfd8 21.
Rg1 Bg5 22. b4 Bxe3+ 23. fxe3 Qf2 24. Rde1 Qa2 25. bxc5 dxc5 26. Qxh6 Kf8 27.
Qxg7+ Ke7 28. Qxe5+ Kd7 29. Qd5+ Kc8 30. Qf5+ Kc7 31. Qxc5+ Kd7 32. Qd5+ Kc8 33.
Qxf7 Qxa4 34. Kd2 Qd7 35. Qxd7+ Rxd7 36. Rg8+ Kc7 37. Rxb8 Kxb8 38. Ra1 Rf7 39.
d4 Kc7 40. c5 Kc6 41. Kd3 Rf3 42. Rb1 Rf2 43. Rb6+ Kc7 44. d5 Rf8 45. Kd4 Ra8
46. d6+ Kc8 47. Kd5 a5 48. Rb1 a4 49. Ra1 a3 50. Ra2 Kd7 51. e4 Ra5 52. e5 b6
53. e6+ Kd8 54. Kc6 Rxc5+ 55. Kxb6 Rc3 56. Rh2 1-0

[Event "AUTO-ADV-4910"]
[Site "http://www.queenalice.com/game.php?id=1871838"]
[Date "2026.4.11"]
[Round "2"]
[White "miguel7"]
[Black "MHRangel"]
[Result "1-0"]
[WhiteElo "1815"]
[BlackElo "1843"]

1. e4 c5 2. Bc4 e6 3. Nc3 Nf6 4. e5 Nd5 5. Bxd5 exd5 6. Nxd5 Be7 7. d4 cxd4 8.
Qxd4 Nc6 9. Qg4 O-O 10. Bh6 g6 11. Bxf8 Qa5+ 12. c3 Bxf8 13. Nf6+ Kg7 14. Qh3
Qxe5+ 15. Ne2 Qxf6 16. O-O d6 17. Qg3 Be6 18. Nf4 d5 19. Nh5+ Kh8 20. Nxf6 Bg7
21. Ng4 d4 22. Qc7 Bxg4 23. Qxb7 Rc8 24. Rfe1 dxc3 25. Qxf7 cxb2 26. Re8+ 1-0

[Event "AUTO-ADV-4910"]
[Site "http://www.queenalice.com/game.php?id=1871839"]
[Date "2026.4.11"]
[Round "2"]
[White "MHRangel"]
[Black "miguel7"]
[Result "1-0"]
[WhiteElo "1827"]
[BlackElo "1847"]

1. d4 e5 2. dxe5 Nc6 3. Nf3 Qe7 4. Bf4 Qb4+ 5. Nbd2 Qxf4 6. g3 Qf5 7. e4 Qh5 8.
Bg2 Nxe5 9. O-O d6 10. Nxe5 Qxd1 11. Raxd1 dxe5 12. Nc4 f6 13. a3 Bg4 14. Rd2
Bc5 15. h3 Be2 16. Rxe2 b5 17. b4 Bd4 18. Na5 Ne7 19. Nb3 Bb2 20. Nc5 Bxa3 21.
c3 a5 22. Ne6 Kf7 23. Nxc7 Rac8 24. Nxb5 axb4 25. Nd6+ Ke6 26. Nxc8 Rxc8 27.
cxb4 Bxb4 28. f4 Bc5+ 29. Kh2 h5 30. f5+ Kf7 31. Bf3 g6 32. Rc1 gxf5 33. Bxh5+
Ke6 34. exf5+ Nxf5 35. Bg4 Rc7 36. Rec2 Kd6 37. Bxf5 Kd5 38. Rd1+ Kc6 39. Be4+
1-0

[Event "AUTO-ADV-4932"]
[Site "http://www.queenalice.com/game.php?id=1872373"]
[Date "2026.4.24"]
[Round "1"]
[White "EdsonEstevam"]
[Black "miguel7"]
[Result "0-1"]
[WhiteElo "1708"]
[BlackElo "1825"]

1. e4 e5 2. Nf3 Nc6 3. Nc3 Bc5 4. Bc4 d6 5. O-O Bg4 6. h3 h5 7. hxg4 hxg4 8. Nh2
Qh4 9. Re1 Qxh2+ 10. Kf1 Nd4 11. Ne2 Nf3 12. Ng3 Qg1+ 13. Ke2 Qxf2+ 14. Kd3
Nxe1+ 15. Kc3 Qxg3+ 16. d3 Nxg2 17. Bd2 Ne3 18. Qe1 Qxe1 19. Rxe1 Rh3 20. b4
Bd4+ 21. Kb3 Nxc4 22. Kxc4 g3 23. c3 Bf2 24. Rd1 g2 0-1

[Event "AUTO-ADV-4932"]
[Site "http://www.queenalice.com/game.php?id=1872374"]
[Date "2026.4.24"]
[Round "1"]
[White "miguel7"]
[Black "EdsonEstevam"]
[Result "0-1"]
[WhiteElo "1831"]
[BlackElo "1714"]

1. e4 e5 2. Nc3 Nf6 3. f4 Nc6 4. Nf3 Bb4 5. a3 Bxc3 6. bxc3 Nxe4 7. Nxe5 Nxe5 8.
fxe5 d6 9. Qe2 Qh4+ 10. g3 Nxg3 11. exd6+ Nxe2+ 12. Kxe2 Qe4+ 13. Kf2 Qxh1 14.
Bg2 Qxh2 15. Bb2 Bh3 16. d7+ Kxd7 17. Rg1 Rhe8 18. c4 Re6 19. Bxg7 Rg6 20. Bd4
Bxg2 0-1

[Event "AUTO-ADV-4932"]
[Site "http://www.queenalice.com/game.php?id=1872389"]
[Date "2026.4.24"]
[Round "1"]
[White "Capixabba789"]
[Black "miguel7"]
[Result "0-1"]
[WhiteElo "1931"]
[BlackElo "1820"]

1. d4 e5 2. dxe5 Nc6 3. f4 d5 4. Nf3 Bg4 5. Nc3 Bb4 6. Bd2 Bxf3 7. exf3 a6 8.
Be2 Qh4+ 9. g3 Qh3 10. Bf1 Qe6 11. Bg2 d4 12. Ne4 Bxd2+ 13. Qxd2 O-O-O 14. O-O
Nge7 15. Rfd1 Nf5 16. Qf2 Ne3 17. Qxe3 dxe3 0-1

[Event "AUTO-ADV-4932"]
[Site "http://www.queenalice.com/game.php?id=1872390"]
[Date "2026.4.24"]
[Round "1"]
[White "miguel7"]
[Black "Capixabba789"]
[Result "0-1"]
[WhiteElo "1836"]
[BlackElo "1832"]

1. e4 e5 2. Nc3 d6 3. Bc4 Nc6 4. h3 Nf6 5. f4 exf4 6. Nf3 Be7 7. Ng5 O-O 8.
Bxf7+ Rxf7 9. Nxf7 Kxf7 10. d4 Kg8 11. Bxf4 Bd7 12. a3 a6 13. d5 Ne5 14. Bxe5
dxe5 15. Qf3 c5 16. O-O-O b5 17. d6 Bf8 18. g4 Bc6 19. g5 Nd7 20. h4 c4 21. Qf5
a5 22. Qe6+ Kh8 23. g6 h6 24. h5 b4 25. Qxc4 bxc3 26. Qxc6 cxb2+ 27. Kb1 Nb6 28.
Rhf1 Rc8 29. Qd5 Nxd5 0-1

[Event "AUTO-ADV-4932"]
[Site "http://www.queenalice.com/game.php?id=1872399"]
[Date "2026.4.24"]
[Round "1"]
[White "chessman"]
[Black "miguel7"]
[Result "1-0"]
[WhiteElo "2019"]
[BlackElo "1840"]

1. e4 e5 2. Nf3 Nc6 3. Bb5 d6 4. d4 a6 5. Bxc6+ bxc6 6. dxe5 Bg4 7. exd6 cxd6 8.
O-O Rb8 9. Nc3 h6 10. Qd3 a5 11. Re1 Qe7 12. Bf4 Bxf3 13. Qxf3 Rxb2 14. Rab1 Rb7
15. Rxb7 Qxb7 16. e5 Qe7 17. Qxc6+ Qd7 18. Qa8+ 1-0

[Event "AUTO-ADV-4932"]
[Site "http://www.queenalice.com/game.php?id=1872400"]
[Date "2026.4.24"]
[Round "1"]
[White "miguel7"]
[Black "chessman"]
[Result "0-1"]
[WhiteElo "1820"]
[BlackElo "2089"]

1. e4 e6 2. d4 d5 3. Nc3 dxe4 4. Nxe4 Nd7 5. Bg5 Be7 6. Nf3 Ngf6 7. Bxf6 Nxf6 8.
Nc3 O-O 9. Bd3 b6 10. Ne4 Bb7 11. O-O Nxe4 12. c4 Nf6 13. h3 c5 14. Qc2 Bxf3 15.
gxf3 cxd4 16. Be4 Nxe4 17. fxe4 e5 18. Rad1 Rc8 19. b3 Bd6 20. f4 exf4 21. Rxd4
Bc5 0-1

[Event "AUTO-ADV-4868"]
[Site "http://www.queenalice.com/game.php?id=1873470"]
[Date "2026.5.15"]
[Round "3"]
[White "miguel7"]
[Black "fbenevides2019"]
[Result "1-0"]
[WhiteElo "1830"]
[BlackElo "1861"]

1. e4 e5 2. Bc4 Nf6 3. Nc3 a6 4. f4 exf4 5. e5 Ng8 6. Nf3 h6 7. d4 g5 8. Qe2 d6
9. exd6+ Be7 10. dxe7 Nxe7 11. Nd5 Be6 12. Nf6+ Kf8 13. Ne5 Qxd4 14. Bxe6 fxe6
15. Neg4 Qd6 16. Bd2 Nd7 17. O-O-O Nxf6 18. Bc3 Qc6 19. Nxf6 Kf7 20. Ng4 Qb6 21.
Bxh8 Rxh8 22. Ne5+ Kg7 23. h4 gxh4 24. Rxh4 Qe3+ 25. Qxe3 fxe3 26. Re1 Nf5 27.
Re4 Kf6 28. Ng4+ Ke7 29. Nxe3 Nd6 30. Nd5+ Kd7 31. Nf6+ Kc6 32. Rxe6 h5 33. Rh1
h4 34. g4 h3 35. g5 Kc5 36. g6 1-0